000 00776nam a2200277Ia 4500
003 OSt
005 20221006151922.0
006 a|||||r|||| 00| 0
007 ta
008 221006b |||||||| |||| 00| 0 eng d
020 _a9784770019653
_c¥1800
024 _a23,911
037 _bGift, Japan Foundation
_cTextual
040 _aEASL
_cEASL
_beng
041 _2eng
_aeng
082 _aO42,3N35, L4
100 _aOE Kenzaburo
245 0 _aSilent cry
_b A novel
260 _aTokyo
_bKodansha International Japan
_c1974
300 _a274p.
_ccm.
490 _v JEL
650 _aJEL
700 _a BESTER John Tr.
_9622237
942 _hO42,3N35, L4
_cTEXL
_2CC
999 _c1091997
_d1091997